01318nam a22002537a 450000500170000000800410001704000700005804100080012808200250013610000300016124200990019124500850029025000440037526001320041930000350055150003010058650000230088750600210091054600230093165000180095465000230097265000270099570000420102220260511125256.0130821s1921 fr fr d fre  aCo-BoUCMbspacSandra Yazo (modificó)dSandra Yazo (modificó)1 afre04aFCS 792.1bI17219211 aIIbsen, Henrikd1828-190603aEl pequeño Eyolf bDrama en tres actoscHenrik Ibsen ; traducción ... el conde Prozoryspa13aLe petit EyolfbDrame en trois actescHenrik Ibsen ; traduit ... le Comte Prozor aHuitiéme édition [Octava edición] aParís (Francia)bLibrairie Académique Perrin [Librería Académica Perrin]bImprimerie de Lagny [Imprenta de Lagny]c1921 axlv, 189 páginasc19 x 12 cm aDetalles físicos: Encuadernación flexible. Anteportada. Portada impresa en una sola tinta. Texto impreso en una sola columna, margenes amplios. Papel con oxidación en bordes, hojas sin refilar. Ejemplar en buen estado de conservación. Transferencia al Archivo Histórico en el año 2025 aFondo Castro Silva aConsulta en sala aTexto en francés04aDrama noruego07aLiteratura noruega04aPadres e hijosvDramas1 aProzor, Mauriced1848-1928etraductor